000 02129nam0a2200361 4500
001 RU\NLR\BIBL_A\016297038
005 20230322151159.0
010 _a978-5-17-153102-7
_93000
021 _aRU
_bКН-П-23-002968
_9КН-П-23-0290
035 _a(NLR Aleph) 016297038
035 _a(RuMoRGB)011541807
090 _a12961958
_c12961958
100 _a20230227d2022 c y0rusy50 ca
101 0 _arus
102 _aRU
105 _aa z 000ay
181 0 _ai3
_baxxe
182 0 _an
200 1 _aКонфетоедение
_eвесёлые науки
_eдля младшего школьного возраста
_fГ. Остер
203 _aТекст
_bвизуальный
_cнепосредственный
210 _aМосква
_cАСТ
_d2022
215 _a446, [1] с.
_cил.
_d21
225 1 _aБольшая детская библиотека
327 1 _aСодерж.: Конфетоедение; Квартироведение; Папамамалогия; Воспитание взрослых
330 _aЧетыре произведения Григория Остера, которые вошли в эту книгу, преследуют не столько развлекательные, сколько учебные цели. Разумный ребёнок сразу сообразит, как извлечь из "Конфетоедения", "Квартироведения", "Папамамалогии" и "Воспитания взрослых" что-нибудь на самом деле полезное для общения со своими непредсказуемыми взрослыми. Ведь расти и взрослеть - это трудное занятие, а эта книга несомненно поможет сообразительным детям
333 _a6+
686 0 _aШ9(2)60=Р7-4
700 1 _aОстер
_bГ. Б.
_f1947 -
_gГригорий Бенционович
_3RU\NLR\AUTH\77563
942 _cBOOK
980 _aNB